Normal view
MARC view
Entry Topical Term
001 - CONTROL NUMBER
- control field: 28335
003 - CONTROL NUMBER IDENTIFIER
- control field: OSt
005 - DATE AND TIME OF LATEST TRANSACTION
- control field: 20211028151338.0
008 - FIXED-LENGTH DATA ELEMENTS
- fixed length control field: 211028|| aca||aabn | a|a d
040 ## - CATALOGING SOURCE
- Original cataloging agency: OSt
- Transcribing agency: OSt
150 ## - HEADING--TOPICAL TERM
- Topical term or geographic name entry element: Consumption; Saving; Wealth, Price Level; Inflation; Deflation
670 ## - SOURCE DATA FOUND
- Source citation: Work cat.: (OSt)517955: Auer, R., Burstein, A. and Lein, S.M. 28334, Exchange rates and prices: Evidence from the 2015 Swiss franc appreciation
